• 首页
  • 本馆介绍
  • 公告通知
  • 最新文献
  • 馆藏检索
  • 电子资源
  • 读者导购
  • 参考咨询
  • 我的图书馆
  • 登录
  • 详细信息显示
  • 放入我的书架
  • 预约/预借图书
  • 作者相关作品
  • 分类相关作品
  • 丛书相关作品
  • 出版社相关作品

书目信息

  • 表格格式
  • 工作单格式
  • 卡片格式
书名: Rypins'basic sciences review
作者: Edward D.Frohlich,M.D.
分册号:
分册名:
出版地: Wshington :
 
出版社: J.B.Lippincott Company
出版时间: 1993.
页数: 856 p. ;
开本: 29cm.
丛书名:
中图分类号:
科图分类号:
其他分类号: R-0
主题词:
电子资源:
000 00401nam 2200145 a 4500
001 E0735869250
005 20070513103600.42
008 070513s1993 00010 eng
020    @a0-397-51245-7.
040    @aPFT@beng
090    @aR-0
099    @dR-0@ex53=16
245 1  @aRypins'basic sciences review / @cEdward D.Frohlich,M.D.
260    @aWshington :@bJ.B.Lippincott Company,@c1993.
300    @a856 p. ;@c29cm.
    
    Rypins'basic sciences review / / Edward D.Frohlich,M.D.-Wshington : : J.B.Lippincott Company, , 1993.
    856 p. ; ; 29cm.
    
    
    ISBN 0-397-51245-7.
    
●
相关链接 在E读中查询图书 在五车中查询图书 在当当中查询图书 在豆瓣中查询图书


正题名:Rypins'basic sciences review     索取号:R-0/x53=16         预约/预借

序号 登录号 条形码 馆藏地/架位号 状态 备注
1 008433   300084334   第二样本阅览室/ [索取号:R-0/x53=16] 在馆    
唐山师范学院图书馆 欢迎您!
大连网信软件有限公司© 版权所有